00575pab a2200181 454500008004000000100002200040245005900062260000900121300001500130362001200145650002500157650002700182773004400209908000600253909001100259999001900270952010400289180718b1962 xxu||||| |||| 00| 0 eng d aPrasad, Parmanand aThe expansion of the Bokaro Thermal Plant (Case Study) c1962 ap.348-372. aJul-Sep aBokaro Thermal Plant aThermal power stations aIndian Journal of Public Administration aN a100430 c100429d100429 00104070aIIPAbIIPAd2018-07-19hVolume no: 8, Issue no: 3pAR100890r2018-07-19w2018-07-19yAR